000 00326nam a22001457a 4500
008 210226b ||||| |||| 00| 0 eng d
020 _a087775088
041 _aeng
080 _a038
082 _a038
100 _a23
101 _aFJA
245 _aWebsters Ninth new Collegiate Dictionary
_cWebster, M
942 _2udc
_cBK
999 _c55259
_d55259